Cádiz. (Record no. 37818)

MARC details
000 -LEADER
campo de control de longitud fija 00398nam a2200145 i 4500
001 - NÚMERO DE CONTROL
campo de control 37818
003 - IDENTIFICADOR DE NÚMERO DE CONTROL
campo de control ES-MaACL
005 - FECHA Y HORA DE LA ÚLTIMA TRANSACCIÓN
campo de control 20230906155640.0
007 - CAMPO FIJO DE DESCRIPCIÓN FÍSICA--INFORMACIÓN GENERAL
campo de control de longitud fija t|
008 - DATOS DE LONGITUD FIJA--INFORMACIÓN GENERAL
campo de control de longitud fija 030221q1947 sp ||||1| spa d
245 00 - MENCIÓN DEL TÍTULO
Título Cádiz.
260 ## - PUBLICACIÓN, DISTRIBUCIÓN, ETC.
Lugar de publicación, distribución, etc. [Madrid :
Nombre del editor, distribuidor, etc. Dirección General de Turismo,
Fecha de publicación, distribución, etc. 1947?] (
Lugar de fabricación/manufactura Bilbao :
Fabricante Arte)
300 ## - DESCRIPCIÓN FÍSICA
Extensión 13 h., 13 lám. :
Otras características físicas il. ;
Dimensiones 23 cm.
852 ## - LOCALIZACIÓN
Ubicación ES-MaACL
Número de control de estantería 1877-F-4
Sublocalización o colección R.24474
Holdings
Estatus retirado Estado de pérdida Estado de daño No para préstamo Colección Biblioteca de origen Biblioteca actual Ubicación en estantería Fecha de adquisición Fuente de adquisición Total de préstamos Signatura topográfica completa Código de barras Visto por última vez Precio de reemplazo Tipo de ítem Koha
        Colección de folletos Biblioteca del Ateneo de Madrid Biblioteca del Ateneo de Madrid Depósito folletos 17/01/2008     1877-F-4 1039818 23/02/2023 23/02/2023 Folleto